Перспективы применения щелочной очистки природного газа; Проблемы геологии и освоения недр; Т. 2

Bibliographische Detailangaben
Parent link:Проблемы геологии и освоения недр=Problems of Geology and Subsurface Development: труды XXIV Международного симпозиума имени академика М. А. Усова студентов и молодых учёных, посвященного 75-летию Победы в Великой Отечественной войне, Томск, 6-10 апреля 2020 г./ Национальный исследовательский Томский политехнический университет, Инженерная школа природных ресурсов ; гл. ред. А. С. Боев ; под ред. Е. Ю. Пасечник.— , 2020
Т. 2.— 2020.— [С. 223-224]
1. Verfasser: Гомбоева А. Б.
Körperschaft: Национальный исследовательский Томский политехнический университет Инженерная школа природных ресурсов Отделение нефтегазового дела
Weitere Verfasser: Шарф И. В. Ирина Валерьевна (научный руководитель)
Zusammenfassung:Заглавие с экрана
Объектом исследования является насадочная абсорбционная установка с керамическими кольцами Рашига для очистки природного газа от кислых примесей. Цель работы - определение основных характеристик абсорбера для удаления кислых компонентов из природного газа хемосорбционным способом. В процессе работы был проведен расчет насадочного абсорбера для тонкой очистки природного газа от сероводорода. Помимо этого, рассмотрены основные процессы, происходящие при подготовке природного газа на промысле; произведен расчет характеристик абсорбционной колонны. Область применения: установка подготовки газа.
Sprache:Russisch
Veröffentlicht: 2020
Schriftenreihe:Современные технологии подготовки и переработки природных ресурсов
Углеводородное сырье
Schlagworte:
Online-Zugang:http://earchive.tpu.ru/handle/11683/62974
Format: MixedMaterials Elektronisch Buchkapitel
KOHA link:https://koha.lib.tpu.ru/cgi-bin/koha/opac-detail.pl?biblionumber=631494

MARC

LEADER 00000naa2a2200000 4500
001 631494
005 20231101133650.0
035 |a (RuTPU)RU\TPU\conf\33195 
035 |a RU\TPU\conf\33194 
090 |a 631494 
100 |a 20200904d2020 k y0rusy50 ca 
101 0 |a rus 
102 |a RU 
105 |a y z 100zy 
135 |a drcn ---uucaa 
181 0 |a i  
182 0 |a b 
200 1 |a Перспективы применения щелочной очистки природного газа  |f А. Б. Гомбоева  |g науч. рук. И. В. Шарф 
203 |a Текст  |c электронный 
225 1 |a Современные технологии подготовки и переработки природных ресурсов 
225 1 |a Углеводородное сырье 
230 |a 1 компьютерный файл (pdf; 1 256 Kb) 
300 |a Заглавие с экрана 
320 |a [Библиогр.: с. 224 (13 назв.)] 
330 |a Объектом исследования является насадочная абсорбционная установка с керамическими кольцами Рашига для очистки природного газа от кислых примесей. Цель работы - определение основных характеристик абсорбера для удаления кислых компонентов из природного газа хемосорбционным способом. В процессе работы был проведен расчет насадочного абсорбера для тонкой очистки природного газа от сероводорода. Помимо этого, рассмотрены основные процессы, происходящие при подготовке природного газа на промысле; произведен расчет характеристик абсорбционной колонны. Область применения: установка подготовки газа. 
461 1 |0 (RuTPU)RU\TPU\conf\32983  |t Проблемы геологии и освоения недр  |l Problems of Geology and Subsurface Development  |o труды XXIV Международного симпозиума имени академика М. А. Усова студентов и молодых учёных, посвященного 75-летию Победы в Великой Отечественной войне, Томск, 6-10 апреля 2020 г.  |o в 2 т.  |f Национальный исследовательский Томский политехнический университет, Инженерная школа природных ресурсов ; гл. ред. А. С. Боев ; под ред. Е. Ю. Пасечник  |d 2020 
463 1 |0 (RuTPU)RU\TPU\conf\32985  |t Т. 2  |v [С. 223-224]  |d 2020 
610 1 |a труды учёных ТПУ 
610 1 |a электронный ресурс 
610 1 |a перспективы 
610 1 |a применение 
610 1 |a очистка 
610 1 |a природные газы 
610 1 |a подготовка 
610 1 |a абсорберы 
610 1 |a хемосорбция 
610 1 |a абсорбционные установки 
610 1 |a кольца Рашига 
610 1 |a примеси 
610 1 |a абсорбционные колонны 
700 1 |a Гомбоева  |b А. Б. 
702 1 |a Шарф  |b И. В.  |c экономист  |c доцент Томского политехнического университета, кандидат экономических наук  |f 1969-  |g Ирина Валерьевна  |2 stltpush  |4 727 
712 0 2 |a Национальный исследовательский Томский политехнический университет  |b Инженерная школа природных ресурсов  |b Отделение нефтегазового дела  |h 8084  |2 stltpush  |3 (RuTPU)RU\TPU\col\23546 
801 2 |a RU  |b 63413507  |c 20200925  |g RCR 
856 4 |u http://earchive.tpu.ru/handle/11683/62974 
942 |c BK